000 00365nam a2200157Ia 4500
008 230711s9999||||xx |||||||||||||| ||und||
041 _aENG
082 _a720
_bMA-M
100 _aMazzurco,Philip
245 0 _aMedia design
250 _a1st
260 _c1984
_aNew Delhi
_bMacMillan Publications Pvt.Ltd
300 _a175
650 _aArchitecture
942 _cBK
999 _c1805
_d1805